[Event "Championnat de France - Vétérans"]
[Site "Nimes"]
[Date "2009.08.16"]
[Round "6.2"]
[White "Ricter, Jean-Paul"]
[Black "Andrieu, Philippe"]
[Result "1-0"]
[WhiteElo "2093"]
[BlackElo "1962"]
[PlyCount "145"]

1. e4 Nc6 2. d4 e5 3. d5 Nce7 4. f4 Ng6 5. Ne2 exf4 6. Bxf4 Bc5 7. Nbc3 Nf6 8.
h3 Nh5 9. Bh2 Qh4+ 10. g3 Qf6 11. Bg1 Bxg1 12. Rxg1 Qe5 13. Qd4 d6 14. Nb5 Qe7
15. Qc3 O-O 16. Bg2 Bd7 17. Nbd4 Nf6 18. O-O-O Nxe4 19. Bxe4 Qxe4 20. Qxc7 Ne5
21. Kb1 Qxd5 22. Nf5 Qe4 23. Ne7+ Kh8 24. Nc3 Qc4 25. Qxd6 f6 26. Rge1 Be6 27.
Re4 Qa6 28. Qxa6 bxa6 29. g4 Rfe8 30. Ned5 Rac8 31. Nf4 Bf7 32. Nfe2 g6 33. b3
g5 34. Re3 h5 35. gxh5 Bxh5 36. Rd6 Nf7 37. Rxe8+ Rxe8 38. Rxf6 Kg7 39. Rf2 Re3
40. Rh2 Ne5 41. Kb2 Nf3 42. Rg2 Bg6 43. Rg3 Be4 44. Ng1 Bc6 45. Nxf3 Kh6 46.
Rxg5 Rxf3 47. Rc5 Bd7 48. h4 Rf4 49. Rc7 Bf5 50. Nd5 Rxh4 51. Rxa7 Rh2 52.
Rxa6+ Kg7 53. Ne3 Be4 54. Ra4 Bg6 55. Rc4 Kf7 56. Nd5 Ke8 57. Nb4 Kd7 58. a4
Bf7 59. Rf4 Be6 60. Nd3 Kc7 61. b4 Rh6 62. c4 Kb6 63. a5+ Kc7 64. Kc3 Bh3 65.
b5 Rd6 66. c5 Rd5 67. Rd4 Rg5 68. Kb4 Bf1 69. Nf4 Re5 70. Nd5+ Kb7 71. c6+ Kb8
72. b6 Bg2 73. Ne7 1-0

[Event "Championnat de France - Vétérans"]
[Site "Nimes"]
[Date "2009.08.16"]
[Round "6.3"]
[White "Cousin, Philippe"]
[Black "Degrave, Jack"]
[Result "1/2-1/2"]
[WhiteElo "1974"]
[BlackElo "2028"]
[PlyCount "63"]
[EventDate "2009.??.??"]

1. d4 f5 2. Nf3 Nf6 3. g3 e6 4. Bg2 d5 5. O-O Bd6 6. c4 c6 7. a3 O-O 8. b3 Nbd7
9. Nc3 Ne4 10. Qc2 Ndf6 11. Nd2 Qe8 12. f3 Nxg3 13. hxg3 Bxg3 14. f4 Qh5 15.
Nf3 Ng4 16. Bd2 Bh2+ 17. Kh1 Bxf4+ 18. Kg1 Be3+ 19. Bxe3 Nxe3 20. Qd2 Nxf1 21.
Rxf1 Rf6 22. Qf4 h6 23. Ne5 Qe8 24. c5 b6 25. b4 Ba6 26. b5 Bb7 27. a4 bxc5 28.
dxc5 Rc8 29. Qd4 Qe7 30. bxc6 Bxc6 31. Nxc6 Rxc6 32. Nxd5 1/2-1/2

[Event "Championnat de France - Vétérans"]
[Site "Nimes"]
[Date "2009.08.16"]
[Round "6.4"]
[White "Violeau, Jean-Luc"]
[Black "Belluire, Patrice"]
[Result "1/2-1/2"]
[WhiteElo "1890"]
[BlackElo "1985"]
[PlyCount "36"]
[EventDate "2009.??.??"]

1. Nf3 Nf6 2. c4 b6 3. Nc3 Bb7 4. d4 e6 5. g3 Be7 6. Bg2 O-O 7. O-O Ne4 8. Nxe4
Bxe4 9. Ne1 Bxg2 10. Nxg2 f5 11. Bf4 d6 12. Rc1 Nd7 13. Qc2 Bf6 14. Rfd1 Qe7
15. Be3 g5 16. f4 h6 17. b3 Qf7 18. Bf2 Be7 1/2-1/2

[Event "Championnat de France - Vétérans"]
[Site "Nimes"]
[Date "2009.08.16"]
[Round "6.5"]
[White "Warkentin, Jurgen"]
[Black "Mosionzhik, Ilya"]
[Result "0-1"]
[WhiteElo "1915"]
[BlackElo "2162"]
[PlyCount "74"]
[EventDate "2009.??.??"]

1. d4 c5 2. d5 e5 3. c4 d6 4. Nc3 g6 5. e4 Bh6 6. h3 Bxc1 7. Rxc1 a6 8. a4 b6
9. Bd3 Nf6 10. Nge2 O-O 11. O-O Nh5 12. f4 exf4 13. Nxf4 Nxf4 14. Rxf4 Nd7 15.
Qd2 Ne5 16. Rcf1 f6 17. Nd1 Ra7 18. Ne3 Rg7 19. Be2 h5 20. b3 Qe7 21. Qc2 g5
22. R4f2 g4 23. hxg4 hxg4 24. g3 Rh7 25. Nf5 Bxf5 26. exf5 Rh3 27. Rg2 Qh7 28.
Rf4 Kf7 29. Bxg4 Rh1+ 30. Kf2 Rc1 31. Qd2 Nxg4+ 32. Rxg4 Qxf5+ 33. Rf4 Qb1 34.
Kf3 Qxb3+ 35. Kg4 Rg8+ 36. Kh5 Rh1+ 37. Rh4 Qf3+ 0-1

[Event "Championnat de France - Vétérans"]
[Site "Nimes"]
[Date "2009.08.16"]
[Round "6.6"]
[White "Birens, Eric-Andre"]
[Black "Labarthe, Arnaud"]
[Result "1-0"]
[WhiteElo "2025"]
[BlackElo "1915"]
[Annotator ",Joelle"]
[PlyCount "40"]
[EventDate "2009.??.??"]

1. d4 Nf6 2. Nf3 c5 3. d5 d6 4. c4 Bf5 5. Nc3 Na6 6. Nh4 Qd7 7. f3 O-O-O 8. e4
Bg6 9. Be2 e6 10. O-O Be7 11. dxe6 fxe6 12. Bg5 Bf7 13. f4 h6 14. Bxf6 Bxf6 15.
Nf3 g5 16. e5 g4 17. exf6 gxf3 18. Bxf3 Nb4 19. a3 Nc6 20. b4 Nd4 {
suite illisible} 1-0

[Event "Championnat de France - Vétérans"]
[Site "Nimes"]
[Date "2009.08.16"]
[Round "6.7"]
[White "Molet, Asher"]
[Black "Tholey, Jean-Paul"]
[Result "0-1"]
[WhiteElo "1900"]
[BlackElo "2008"]
[PlyCount "46"]
[EventDate "2009.??.??"]

1. d4 Nf6 2. Nf3 g6 3. c4 Bg7 4. Nc3 d5 5. e3 O-O 6. Qb3 dxc4 7. Bxc4 e6 8. O-O
Nc6 9. Be2 Qe7 10. Bd2 Rd8 11. Rfd1 b6 12. Rac1 Bb7 13. Be1 Rac8 14. a3 Na5 15.
Qa2 c5 16. dxc5 bxc5 17. Rxd8+ Qxd8 18. Rd1 Qb6 19. Ne5 Nd5 20. Na4 Qc7 21. Nc4
Nxc4 22. Bxc4 Nf6 23. Be2 Qc6 0-1

[Event "Championnat de France - Vétérans"]
[Site "Nimes"]
[Date "2009.08.16"]
[Round "6.8"]
[White "Peyrin, Jean"]
[Black "Rosenfeld, Imre"]
[Result "0-1"]
[WhiteElo "1992"]
[BlackElo "1937"]
[PlyCount "78"]
[EventDate "2009.??.??"]

1. d4 d5 2. c4 dxc4 3. Nf3 Nf6 4. e3 e6 5. Bxc4 Be7 6. O-O O-O 7. Nc3 c5 8. Qe2
a6 9. dxc5 Bxc5 10. Rd1 Qc7 11. Bd2 b5 12. Bd3 Bb7 13. Rac1 Qe7 14. a3 Nbd7 15.
e4 e5 16. Bg5 h6 17. Bh4 Rac8 18. Bb1 g5 19. Bg3 Rfd8 20. Ba2 Ba7 21. h3 Bb8
22. Nd5 Nxd5 23. Rxc8 Rxc8 24. exd5 Bd6 25. Nh2 f5 26. f3 Kg7 27. Be1 Bc5+ 28.
Kh1 Bd6 29. Nf1 f4 30. b4 Nf6 31. Bf2 e4 32. fxe4 Qxe4 33. Qxe4 Nxe4 34. Bd4+
Kf7 35. Nd2 Ng3+ 36. Kh2 Rc2 37. Bc5 Rxa2 38. Bxd6 Rxd2 39. Rc1 Bxd5 0-1

[Event "Championnat de France - Vétérans"]
[Site "Nimes"]
[Date "2009.08.16"]
[Round "6.9"]
[White "Dubreuil, Remy"]
[Black "Zurano, Alberto"]
[Result "1-0"]
[WhiteElo "1945"]
[BlackElo "1798"]
[PlyCount "47"]
[EventDate "2009.??.??"]

1. e4 c5 2. Nf3 d6 3. d4 cxd4 4. Nxd4 Nf6 5. Nc3 a6 6. Be2 e5 7. Nb3 Be6 8. O-O
Be7 9. Kh1 O-O 10. f4 Qc7 11. f5 Bc4 12. Bg5 Nbd7 13. Nd2 Bxe2 14. Qxe2 b5 15.
a3 Rac8 16. Rac1 Nb6 17. Qf3 Rfd8 18. Rcd1 Qb7 19. h3 d5 20. Bxf6 Bxf6 21. exd5
Rxc3 22. bxc3 Nxd5 23. Ne4 Qb6 24. Rxd5 1-0

[Event "Championnat de France - Vétérans"]
[Site "Nimes"]
[Date "2009.08.16"]
[Round "6.10"]
[White "Cortes, Jaime"]
[Black "Raggini, Bernard"]
[Result "1-0"]
[WhiteElo "1937"]
[BlackElo "1717"]
[PlyCount "63"]
[EventDate "2009.??.??"]

1. d4 Nf6 2. c4 e6 3. Nc3 Bb4 4. Nf3 b6 5. Bg5 Bb7 6. e3 O-O 7. Bd3 Be7 8. Qc2
h6 9. Bh4 d6 10. e4 Nbd7 11. h3 e5 12. O-O-O exd4 13. Nxd4 Nc5 14. Nf5 Re8 15.
g4 Bf8 16. Nd5 Nxd3+ 17. Qxd3 g5 18. Bg3 Nxe4 19. h4 c6 20. hxg5 cxd5 21. f4
hxg5 22. Rh5 Qf6 23. cxd5 Qg6 24. Rdh1 Bg7 25. fxg5 Rac8+ 26. Kb1 Bxd5 27. Be1
Ba8 28. Qh3 Nd2+ 29. Bxd2 Bxh1 30. Qxh1 Re2 31. Bc3 Rce8 32. Rh8+ 1-0

[Event "Championnat de France - Vétérans"]
[Site "Nimes"]
[Date "2009.08.18"]
[Round "7.1"]
[White "Vaisman, Volodia"]
[Black "Ricter, Jean-Paul"]
[Result "1-0"]
[WhiteElo "2356"]
[BlackElo "2093"]
[PlyCount "59"]
[EventDate "2009.??.??"]

1. d4 d6 2. e4 Nf6 3. Nc3 Nbd7 4. g4 h6 5. h3 e5 6. Nge2 Be7 7. Bg2 O-O 8. O-O
c6 9. a4 a5 10. Be3 Re8 11. f4 exf4 12. Nxf4 Nb6 13. b3 d5 14. e5 Bb4 15. Na2
Ne4 16. Nxb4 axb4 17. Nd3 Qe7 18. Qe1 c5 19. dxc5 Nd7 20. Bd4 Nf8 21. Nxb4 Be6
22. c4 Nxc5 23. cxd5 Nxb3 24. dxe6 Nxe6 25. Nd5 Qf8 26. Be3 Nxa1 27. Qxa1 Nc5
28. a5 Nb3 29. Qc3 Qa3 30. Rb1 1-0

[Event "Championnat de France - Vétérans"]
[Site "Nimes"]
[Date "2009.08.18"]
[Round "7.2"]
[White "Mosionzhik, Ilya"]
[Black "Basic, Bosko"]
[Result "1-0"]
[WhiteElo "2162"]
[BlackElo "2068"]
[PlyCount "46"]
[EventDate "2009.??.??"]

1. e4 e5 2. Nf3 Nc6 3. Bb5 a6 4. Ba4 Nf6 5. Qe2 b5 6. Bb3 Be7 7. c3 O-O 8. d3
d6 9. Nbd2 Nb8 10. Nf1 c5 11. Ng3 Nc6 12. O-O Qc7 13. Nh4 Bg4 14. f3 Be6 15.
Nhf5 d5 16. Bg5 c4 17. Nxe7+ Qxe7 18. exd5 Bxd5 19. dxc4 bxc4 20. Bc2 g6 21.
Kh1 Rfe8 22. Ne4 Bxe4 23. Qxe4 Qb7 1-0

[Event "Championnat de France - Vétérans"]
[Site "Nimes"]
[Date "2009.08.18"]
[Round "7.3"]
[White "Degrave, Jack"]
[Black "Dubreuil, Remy"]
[Result "1-0"]
[WhiteElo "2028"]
[BlackElo "1945"]
[PlyCount "125"]
[EventDate "2009.??.??"]

1. d4 Nf6 2. f4 g6 3. Nf3 d6 4. e3 Bg7 5. Bd3 O-O 6. Nbd2 c5 7. c3 Nc6 8. e4
cxd4 9. cxd4 Qb6 10. Nc4 Qc7 11. Bd2 Bg4 12. Bc3 b5 13. Ne3 Bxf3 14. gxf3 b4
15. Bd2 Nxd4 16. Bxb4 Rac8 17. Bc3 e5 18. f5 Qd7 19. Bxd4 exd4 20. Ng4 Nxg4 21.
fxg4 d5 22. O-O dxe4 23. Bxe4 Qd6 24. Qf3 Bh6 25. Rad1 Qe5 26. h4 Be3+ 27. Kg2
Rb8 28. b3 Rbc8 29. Bb1 Rcd8 30. Bd3 Rd6 31. fxg6 hxg6 32. Bc4 Rd7 33. Qc6 Rc7
34. Qxg6+ Qg7 35. Qxg7+ Kxg7 36. Rf5 Re7 37. Rdf1 Rd7 38. Rd1 Re7 39. Rd5 Rc8
40. Kf3 Rh8 41. Kg3 Rc8 42. Rf1 Rh8 43. a4 Rb8 44. Rdf5 Rf8 45. g5 Rd7 46. Rd1
Rfd8 47. Rf3 Re7 48. Rf5 Rc7 49. Kg4 Re7 50. h5 Rdd7 51. h6+ Kh7 52. Bd3 Kg8
53. Rdf1 Rc7 54. Bc4 Rcd7 55. g6 Bxh6 56. gxf7+ Kh7 57. f8=N+ Bxf8 58. Rxf8 d3
59. Rd1 d2 60. Rf2 Rd4+ 61. Kf3 Red7 62. Rg2 Kh6 63. Rh1+ 1-0

[Event "Championnat de France - Vétérans"]
[Site "Nimes"]
[Date "2009.08.18"]
[Round "7.4"]
[White "Belluire, Patrice"]
[Black "Birens, Eric-Andre"]
[Result "1-0"]
[WhiteElo "1985"]
[BlackElo "2025"]
[PlyCount "49"]
[EventDate "2009.??.??"]

1. e4 c5 2. Nf3 d6 3. d4 cxd4 4. Nxd4 Nf6 5. Nc3 a6 6. Bg5 e6 7. f4 Nc6 8. Nxc6
bxc6 9. e5 h6 10. Bh4 g5 11. fxg5 Nd5 12. Ne4 hxg5 13. Bxg5 Qb6 14. Qxd5 Qe3+
15. Bxe3 cxd5 16. Nxd6+ Bxd6 17. exd6 Kd7 18. Bc5 Rh5 19. O-O-O Bb7 20. Be2 Rh4
21. Bf3 Rc8 22. Ba3 Rhc4 23. Kb1 e5 24. b3 Rxc2 25. Bg4+ 1-0

[Event "Championnat de France - Vétérans"]
[Site "Nimes"]
[Date "2009.08.18"]
[Round "7.5"]
[White "Tholey, Jean-Paul"]
[Black "Violeau, Jean-Luc"]
[Result "1-0"]
[WhiteElo "2008"]
[BlackElo "1890"]
[PlyCount "147"]
[EventDate "2009.??.??"]

1. d4 d5 2. c4 c6 3. Nf3 Nf6 4. Nc3 a6 5. e3 Bf5 6. Bd2 e6 7. Be2 Be7 8. O-O h6
9. Ne5 Nbd7 10. Qb3 Qc7 11. cxd5 exd5 12. Rac1 O-O 13. Nxd7 Bxd7 14. Nxd5 Nxd5
15. Qxd5 Be6 16. Qh5 Bxa2 17. Bc4 Bxc4 18. Rxc4 Qd7 19. Rfc1 Rfd8 20. Bb4 Bxb4
21. Rxb4 Qe7 22. Qc5 Qxc5 23. Rxc5 Rd7 24. Kf1 Kf8 25. Ke2 Ke7 26. e4 Kd6 27.
Kd3 Rb8 28. Rbc4 Re8 29. f4 g6 30. g4 Ke7 31. Ke3 Kf6 32. h3 Kg7 33. e5 Red8
34. Ke4 Rd5 35. f5 gxf5+ 36. gxf5 Kf8 37. Rb4 R5d7 38. e6 fxe6 39. fxe6 Re7 40.
Re5 Kg7 41. Rb3 Rd6 42. Rg3+ Kf6 43. Rf5+ Kxe6 44. Re5+ Kd7 45. Rxe7+ Kxe7 46.
Rg7+ Kf6 47. Rxb7 Re6+ 48. Kd3 Re1 49. Rb6 Rh1 50. Rxc6+ Kg7 51. Rxa6 Rxh3+ 52.
Kc4 h5 53. d5 Kf7 54. b4 Rh1 55. Rh6 h4 56. Kc5 Ke7 57. Rh7+ Kd8 58. Kd6 Kc8
59. Kc6 Rc1+ 60. Kb6 Rh1 61. b5 h3 62. Kc6 Rc1+ 63. Kd6 Rh1 64. Rc7+ Kb8 65.
Rc2 Kb7 66. Kd7 h2 67. d6 Kb6 68. Rb2 Kb7 69. b6 Kb8 70. b7 Rg1 71. Rxh2 Rg7+
72. Kc6 Rxb7 73. d7 Rc7+ 74. Kd6 1-0

[Event "Championnat de France - Vétérans"]
[Site "Nimes"]
[Date "2009.08.18"]
[Round "7.6"]
[White "Rosenfeld, Imre"]
[Black "Cousin, Philippe"]
[Result "1/2-1/2"]
[WhiteElo "1937"]
[BlackElo "1974"]
[Annotator "Rivier,Sylvain"]
[PlyCount "173"]
[EventDate "2009.??.??"]

1. d4 Nf6 2. Nf3 d5 3. e3 c6 4. c4 e6 5. Nc3 Bb4 6. Bd2 Bxc3 7. Bxc3 Ne4 8. Bd3
f5 9. O-O O-O 10. cxd5 exd5 11. Qc2 Be6 12. b4 Nd7 13. a4 Rc8 14. Rfc1 g5 15.
Be1 g4 16. Ne5 Nxe5 17. dxe5 Qg5 18. Qe2 Qg7 19. Qb2 Qh6 20. Rc2 Rf7 21. Rac1
Rfc7 22. Qa3 Qf8 23. Qb2 h5 24. Bxe4 fxe4 25. Rc5 b6 26. R5c3 c5 27. bxc5 bxc5
28. R3c2 c4 29. Bb4 Qf7 30. Bd6 Rb7 31. Qd4 Rc6 32. Rb2 Rxb2 33. Qxb2 Rb6 34.
Qe2 c3 35. Qe1 Qb7 36. Qxc3 Rb1 37. a5 Qb3 38. Qe1 Rxc1 39. Qxc1 Qc4 40. Qb2
Qc8 41. g3 a6 42. Qb6 Bd7 43. Bc7 Be6 44. Bd8 Bf7 45. Bf6 Be6 46. Qa7 Bf7 47.
Qe7 Qe6 48. Qd8+ Be8 49. Qb8 Kf7 50. Qb7+ Bd7 51. Qc7 Kg8 52. Qb7 Kf7 53. Qa7
Kg8 54. Qa8+ Bc8 55. Qb8 Kf7 56. Qc7+ Bd7 57. Qb8 Be8 58. Bd8 Bd7 59. Bb6 Qc6
60. Qh8 Qc1+ 61. Kg2 Bb5 62. Qxh5+ Kf8 63. Qf5+ Ke8 64. Qe6+ Kf8 65. Qf6+ Ke8
66. Qd8+ Kf7 67. Qxd5+ Ke8 68. Qg8+ Ke7 69. Qd8+ Kf7 70. Qf6+ Ke8 71. Qg6+ Ke7
72. Qg7+ Ke8 73. Qg6+ Ke7 74. Qd6+ Ke8 75. Qd8+ Kf7 76. Qc7+ Qxc7 77. Bxc7 Kg6
78. h3 Kh5 79. hxg4+ Kxg4 80. e6 Kf5 81. e7 Bd7 82. Kf1 Kf6 83. Ke1 Be8 84. Bf4
Bd7 85. Kd2 Kxe7 86. Kc3 Kf6 87. Kd4 {suite illisible} 1/2-1/2

[Event "Championnat de France - Vétérans"]
[Site "Nimes"]
[Date "2009.08.18"]
[Round "7.7"]
[White "Andrieu, Philippe"]
[Black "Cortes, Jaime"]
[Result "1-0"]
[WhiteElo "1962"]
[BlackElo "1937"]
[PlyCount "95"]
[EventDate "2009.??.??"]

1. d4 Nf6 2. Bg5 e6 3. e4 Be7 4. Bxf6 gxf6 5. Nf3 d5 6. exd5 exd5 7. Bd3 Bg4 8.
Nbd2 Nc6 9. c3 Qd7 10. h3 Bh5 11. Qc2 Bg6 12. O-O-O O-O-O 13. Nh4 Bd6 14. Nf5
Ne7 15. Nxd6+ Qxd6 16. Nb3 b6 17. Rhe1 Rhe8 18. Nd2 Kb8 19. g3 c5 20. f4 c4 21.
Bxg6 fxg6 22. Nf1 Nf5 23. Qd2 Qd7 24. g4 Nd6 25. Ne3 Ne4 26. Qg2 f5 27. Nf1 Qa4
28. Kb1 Qb5 29. Ka1 Qa5 30. Qf3 b5 31. Ng3 Re6 32. a3 Rde8 33. gxf5 gxf5 34.
Nxf5 Rg6 35. Qh5 Qc7 36. Ne3 Nf6 37. Qf3 Qd6 38. Nf5 Qd7 39. Re5 Ne4 40. Rxe8+
Qxe8 41. Re1 Qf7 42. Qh5 Rf6 43. Qxf7 Rxf7 44. Ne3 Rxf4 45. Nxd5 Rh4 46. Kb1
Kc8 47. Kc1 Kd7 48. Rxe4 1-0

[Event "Championnat de France - Vétérans"]
[Site "Nimes"]
[Date "2009.08.18"]
[Round "7.8"]
[White "Gremy, Paul"]
[Black "Pinchon, Henri"]
[Result "1/2-1/2"]
[WhiteElo "1668"]
[BlackElo "1944"]
[PlyCount "81"]
[EventDate "2009.??.??"]

1. c3 Nf6 2. Qc2 d6 3. d4 g6 4. Nf3 Bg7 5. e4 O-O 6. Be2 c5 7. Be3 Ng4 8. Nbd2
Nxe3 9. fxe3 Nc6 10. O-O e6 11. Kh1 Bd7 12. Nc4 Qe7 13. Rad1 b5 14. Ncd2 a6 15.
a3 Rac8 16. Ng1 cxd4 17. exd4 Nxd4 18. Qd3 Nxe2 19. Nxe2 Rcd8 20. Nf3 d5 21.
exd5 exd5 22. Ng3 Bg4 23. Nd4 Bxd4 24. Qxd4 Bxd1 25. Rxd1 Qe6 26. Rf1 f5 27.
Qd2 Rde8 28. Rd1 f4 29. Nf1 Rf5 30. h3 Qe4 31. Nh2 Kg7 32. Nf3 h6 33. Re1 Re7
34. Rxe4 dxe4 35. Qd4+ Kf7 36. Ne1 Rh5 37. Qh8 Re8 38. Qh7+ Kf6 39. Qd7 Rhe5
40. Qd6+ R8e6 41. Qf8+ 1/2-1/2

[Event "Championnat de France - Vétérans"]
[Site "Nimes"]
[Date "2009.08.18"]
[Round "7.9"]
[White "Kassab, Faouzi"]
[Black "Paccard, Jacques"]
[Result "1-0"]
[WhiteElo "1811"]
[BlackElo "1719"]
[Annotator "Rivier,Sylvain"]
[PlyCount "77"]
[EventDate "2009.??.??"]

1. e4 Nf6 2. e5 Nd5 3. c4 Nb6 4. d4 d6 5. f4 dxe5 6. fxe5 Nc6 7. Be3 Bf5 8. a3
a5 9. Nf3 e6 10. Be2 Be7 11. O-O O-O 12. Nc3 f6 13. Nb5 fxe5 14. dxe5 Qc8 15.
Qb3 Nd7 16. Qc3 b6 17. Rae1 Nc5 18. Nfd4 Nxd4 19. Nxd4 Be4 20. Bg4 Bf5 21. Bf3
Be4 22. Nc6 Bxc6 23. Bxc6 Rb8 24. b4 axb4 25. axb4 Na6 26. c5 bxc5 27. bxc5 Nb4
28. Bf3 c6 29. Bf2 Nd5 30. Qc4 Rb4 31. Qc2 Qb7 32. Rb1 Rb8 33. Be4 h6 34. Rxb4
Nxb4 35. Bh7+ Kh8 36. Qe4 Nd5 37. Bg6 Kg8 38. Qg4 Qd7 39. Be4 {suite illisible}
1-0

[Event "Championnat de France - Vétérans"]
[Site "Nimes"]
[Date "2009.08.18"]
[Round "7.10"]
[White "Maury, Claude"]
[Black "Darrigues, Alain"]
[Result "1/2-1/2"]
[WhiteElo "1883"]
[BlackElo "2045"]
[PlyCount "155"]
[EventDate "2009.??.??"]

1. d4 Nf6 2. Bf4 d6 3. e3 g6 4. Nf3 Bg7 5. Nbd2 O-O 6. c3 b6 7. Be2 Bb7 8. Qc2
Nbd7 9. h4 c5 10. O-O Rc8 11. Qa4 a6 12. Rac1 e5 13. dxe5 dxe5 14. Bg5 Qc7 15.
Rfd1 h6 16. Bxf6 Nxf6 17. e4 Rfe8 18. Nh2 Rcd8 19. Bf3 h5 20. Nhf1 Bh6 21. Ne3
b5 22. Qc2 Bxe3 23. fxe3 c4 24. Nf1 Nd7 25. b4 cxb3 26. axb3 Nc5 27. b4 Nd7 28.
g4 hxg4 29. Bxg4 Nf6 30. Bf3 Qc4 31. Ng3 Kf8 32. Kh2 Bc8 33. h5 gxh5 34. Nxh5
Ng4+ 35. Bxg4 Bxg4 36. Rxd8 Rxd8 37. Nf6 Qe2+ 38. Qxe2 Bxe2 39. Rc2 Bd1 40. Ra2
Rd6 41. Rf2 Rd3 42. Ra2 Rxc3 43. Rxa6 Rxe3 44. Rb6 Be2 45. Nd7+ Kg7 46. Nxe5
Rxe4 47. Nc6 Re6 48. Kg3 Rf6 49. Ra6 Rf3+ 50. Kg2 Rf6 51. Nb8 Rf4 52. Nc6 Bc4
53. Kg3 Rf6 54. Nb8 Be6 55. Rb6 Rf5 56. Na6 Bc4 57. Nc7 f6 58. Ne8+ Kg6 59. Nd6
Re5 60. Nxc4 bxc4 61. Rc6 Re4 62. Kf3 Rh4 63. Kg3 Rd4 64. b5 Rd3+ 65. Kf2 Rb3
66. b6 c3 67. Ke2 Kg5 68. Kd3 f5 69. Kc2 Rb5 70. Kxc3 f4 71. Kc4 Rb1 72. Rc5+
Kg4 73. Rb5 Rxb5 74. Kxb5 f3 75. b7 f2 76. b8=Q f1=Q+ 77. Kc6 Qc4+ 78. Kb7
1/2-1/2

[Event "Championnat de France - Vétérans"]
[Site "Nimes"]
[Date "2009.08.19"]
[Round "8.1"]
[White "Degrave, Jack"]
[Black "Vaisman, Volodia"]
[Result "0-1"]
[WhiteElo "2028"]
[BlackElo "2356"]
[PlyCount "70"]
[EventDate "2009.??.??"]

1. e4 c5 2. Nf3 d6 3. d4 cxd4 4. Nxd4 Nf6 5. Nc3 a6 6. Be2 e6 7. Be3 Nbd7 8. g4
h6 9. Qd2 b5 10. a3 Bb7 11. f3 Rc8 12. h4 Ne5 13. O-O-O g6 14. g5 Nh5 15. f4
Nc4 16. Bxc4 Rxc4 17. Rhg1 hxg5 18. f5 gxf5 19. exf5 e5 20. Bxg5 Qc8 21. Nb3 f6
22. Be3 b4 23. axb4 Rxb4 24. Kb1 Qxf5 25. Rdf1 Nf4 26. Nd5 Rxb3 27. Nxf4 exf4
28. Rxf4 Qh7 29. Rxf6 Be4 30. Bd4 Kd7 31. Qf4 Bxc2+ 32. Ka2 Qd3 33. Rf7+ Kc6
34. Rc1 Ra3+ 35. bxa3 Qb3+ 0-1

[Event "Championnat de France - Vétérans"]
[Site "Nimes"]
[Date "2009.08.19"]
[Round "8.2"]
[White "Tholey, Jean-Paul"]
[Black "Mosionzhik, Ilya"]
[Result "1/2-1/2"]
[WhiteElo "2008"]
[BlackElo "2162"]
[PlyCount "107"]
[EventDate "2009.??.??"]

1. d4 c5 2. Nf3 cxd4 3. Nxd4 d5 4. e3 e5 5. Nf3 Nc6 6. c4 Nf6 7. cxd5 Qxd5 8.
Qxd5 Nxd5 9. Bb5 f6 10. Bd2 a6 11. Bxc6+ bxc6 12. e4 Nb4 13. Bxb4 Bxb4+ 14.
Nbd2 Be6 15. O-O O-O-O 16. Rfd1 Kc7 17. b3 Rd7 18. Kf1 Rhd8 19. Ke2 Bg4 20. Nc4
Rxd1 21. Rxd1 Rxd1 22. Kxd1 Bc5 23. Ke2 Be6 24. Nfd2 Bb4 25. Kd3 g6 26. Nf1 h5
27. f3 Bf8 28. Nfe3 Bg7 29. g4 h4 30. h3 Bh6 31. Ng2 g5 32. Nge3 Bf8 33. Nd1
Bb4 34. Nde3 Bc5 35. Nc2 Bf7 36. Kc3 Be8 37. Kd3 Bd7 38. Kc3 Kb7 39. Kd3 Bf2
40. Kc3 Kc7 41. Kd3 c5 42. a4 Bd4 43. N2a3 Be6 44. Nc2 Bf2 45. N2a3 Bf7 46. Ke2
Bg1 47. Kd3 Bh2 48. Nc2 Bf4 49. N2a3 Bc1 50. Nc2 Be6 51. Kc3 Kc6 52. Na5+ Kb6
53. Nc4+ Kc6 54. Na5+ 1/2-1/2

[Event "Championnat de France - Vétérans"]
[Site "Nimes"]
[Date "2009.08.19"]
[Round "8.3"]
[White "Cousin, Philippe"]
[Black "Belluire, Patrice"]
[Result "1/2-1/2"]
[WhiteElo "1974"]
[BlackElo "1985"]
[PlyCount "43"]
[EventDate "2009.??.??"]

1. d4 Nf6 2. Nf3 b6 3. c4 e6 4. Nc3 Bb7 5. a3 d5 6. Bf4 Be7 7. cxd5 exd5 8. e3
O-O 9. Bd3 c6 10. O-O Na6 11. Rc1 Nc7 12. h3 Ne6 13. Bh2 c5 14. Bf5 Bd6 15. Be5
c4 16. Qc2 g6 17. Bxe6 fxe6 18. Bxd6 Qxd6 19. Ne5 a6 20. a4 Qe7 21. f4 Qe8 22.
Rf3 1/2-1/2

[Event "Championnat de France - Vétérans"]
[Site "Nimes"]
[Date "2009.08.19"]
[Round "8.4"]
[White "Ricter, Jean-Paul"]
[Black "Rosenfeld, Imre"]
[Result "1-0"]
[WhiteElo "2093"]
[BlackElo "1937"]
[PlyCount "147"]
[EventDate "2009.??.??"]

1. e4 c6 2. d3 d5 3. Nd2 dxe4 4. dxe4 e5 5. Bc4 Nf6 6. Ngf3 Bd6 7. O-O O-O 8.
Qe2 b5 9. Bd3 a6 10. a4 Bb7 11. c4 b4 12. c5 Bc7 13. Nc4 Nbd7 14. Be3 a5 15.
Rfd1 Qe7 16. Rac1 Rad8 17. Ncd2 Bc8 18. h3 Rfe8 19. Ba6 Nb8 20. Bc4 Be6 21.
Bxe6 Qxe6 22. Nh4 Nfd7 23. Nf5 Nf8 24. Nc4 Rxd1+ 25. Rxd1 Rd8 26. Rxd8 Bxd8 27.
b3 Bc7 28. Qg4 g6 29. Nh6+ Kg7 30. Qf3 Nbd7 31. Ng4 f6 32. Qd1 Qe7 33. Nd6 Ne6
34. Nh6 Kf8 35. Nhf7 Nd8 36. Bh6+ Kg8 37. Nxd8 Bxd8 38. Qd3 Qe6 39. Nb7 Bc7 40.
Qa6 Nb8 41. Qa7 Qd7 42. Nxa5 f5 43. Qb7 fxe4 44. Qxb4 Bxa5 45. Qxb8+ Kf7 46.
Be3 Bc3 47. Kh2 Bd4 48. Qh8 Ke6 49. Qg8+ Kf6 50. Qf8+ Ke6 51. Bg5 Kd5 52. Be7
e3 53. fxe3 Bxe3 54. Qf3+ e4 55. Qd1+ Ke6 56. Qxd7+ Kxd7 57. Bd6 Bd2 58. Kg3
Ke6 59. Kf2 Kd5 60. Ke2 Bc3 61. g4 Kd4 62. Be7 Kd5 63. Ke3 Bd4+ 64. Kf4 Be5+
65. Ke3 Bd4+ 66. Kd2 Bxc5 67. Bxc5 Kxc5 68. Ke3 Kd5 69. a5 Kc5 70. Kxe4 Kb5 71.
b4 c5 72. bxc5 Kxa5 73. Kd5 Ka6 74. Kd6 1-0

[Event "Championnat de France - Vétérans"]
[Site "Nimes"]
[Date "2009.08.19"]
[Round "8.5"]
[White "Kassab, Faouzi"]
[Black "Basic, Bosko"]
[Result "1-0"]
[WhiteElo "1811"]
[BlackElo "2068"]
[PlyCount "97"]
[EventDate "2009.??.??"]

1. e4 e5 2. Nf3 Nc6 3. Bb5 a6 4. Bxc6 dxc6 5. d4 exd4 6. Qxd4 Qxd4 7. Nxd4 Nf6
8. f3 Bd7 9. Be3 O-O-O 10. c3 Rg8 11. Nd2 g5 12. h3 Nh5 13. g4 Nf6 14. O-O-O
Bd6 15. Ne2 Be6 16. h4 h6 17. hxg5 hxg5 18. Rh6 Nd7 19. Kc2 c5 20. Rdh1 Ne5 21.
b3 c4 22. R6h5 cxb3+ 23. axb3 Be7 24. Nd4 Bxg4 25. fxg4 Nxg4 26. Nf5 Bf8 27.
Rh8 Nxe3+ 28. Nxe3 Bd6 29. Rxg8 Rxg8 30. Nf5 Bf8 31. Nf3 f6 32. N3d4 Bd6 33.
Nxd6+ cxd6 34. Rh7 g4 35. Nf5 Rg5 36. Nxd6+ Kb8 37. Rxb7+ Ka8 38. Rh7 g3 39.
Rh1 Kb8 40. Rg1 Rg4 41. Rg2 Rh4 42. Rxg3 Kc7 43. Rd3 Rh2+ 44. Kd1 Kc6 45. Nf5
Rb2 46. Kc1 Rh2 47. Rd6+ Kc5 48. Rxa6 Rc2+ 49. Kxc2 1-0

[Event "Championnat de France - Vétérans"]
[Site "Nimes"]
[Date "2009.08.19"]
[Round "8.6"]
[White "Birens, Eric-Andre"]
[Black "Andrieu, Philippe"]
[Result "1-0"]
[WhiteElo "2025"]
[BlackElo "1962"]
[PlyCount "69"]
[EventDate "2009.??.??"]

1. d4 d5 2. Nf3 Bf5 3. c4 e6 4. Nc3 c6 5. Qb3 Qc8 6. Bf4 Nd7 7. Rc1 Ngf6 8.
cxd5 Nxd5 9. Bg3 Nxc3 10. bxc3 Be7 11. e3 O-O 12. c4 a5 13. c5 b5 14. Bd3 Bxd3
15. Qxd3 Rd8 16. Qc2 Nf6 17. O-O Nd5 18. e4 Nb4 19. Qd2 Na6 20. Qf4 Bf6 21. Qe3
Rd7 22. Bd6 Be7 23. Ne5 Bxd6 24. Nxd7 Qxd7 25. cxd6 Qxd6 26. Qc3 Rc8 27. Rfd1
a4 28. Qa5 Nc7 29. Qb6 Ne8 30. Rc5 f6 31. Qa6 Qd7 32. d5 exd5 33. exd5 Qd8 34.
Rxc6 Nc7 35. Qb7 1-0